LDR 00826naa#a2200229#i#450# 001 EN\\bibl\126531 005 20260701065932.3 011 ## _a2074-9414 100 ## _a20260630b2026####ek#y0engy0150####ca 101 0# _aRUS 102 ## _aRU 200 1# _aWhey Protein Hydrolysate Fortified with Iodine and Zinc against Stress-Induced Iodine Deficiency in C57BI/6N Mice _eJournal article 210 1# _aKemerovo _cKemerovo State University _d2026 215 ## _a12 с. 608 ## _aJournal article _2local 675 ## _aСельское хозяйство. Лесное хозяйство. Охота. Рыбное хозяйство. 63 _zRUS 700 #1 _aBarkovskaya _gIrina A. 700 #1 _aMukletsova _gEvgenia I. 700 #1 _aAgarkov _gAlexandr A. 700 #1 _aRyabova _gAnastasia E. 700 #1 _aPetrov _gAndrey N. 856 4# _ajcenter.kemsu.ru _u